Técnicas estadísticas multivariantes : con resolución de ejercicios prácticos mediante los paquetes estadísticos SPSS y PROGSTAD /

Contiene: Análisis de varianza; Análisis de varianza por rangos. Pruebas no paramétricas; análisis de la covarianza; Manova: análisis multivariante de la varianza; Análisis de varianza con medidas repetidas; Regresión múltiple; Correlación canónica; Análisis discriminante; Análisis factorial; Anális...

Popoln opis

Shranjeno v:
Bibliografske podrobnosti
Glavni avtor: Calvo Gómez, Félix (autor)
Format: Knjiga
Jezik:španščina
Izdano: Bilbao, España : Universidad de Deusto, 1993, c1993
Teme:
Oznake: Označite
Brez oznak, prvi označite!

MARC

LEADER 00000nam^a2200000^a^4500
001 000136019
005 20250521000000.0
009 20260310095304.788
020 |a 84-7485-297-8 
037 |a Acervo ITESO - Biblioteca 
041 |a ESP 
082 |a 005. 369  |b CAL 
100 |a Calvo Gómez, Félix  |e (autor) 
245 1 0 |a Técnicas estadísticas multivariantes :  |b con resolución de ejercicios prácticos mediante los paquetes estadísticos SPSS y PROGSTAD /  |c F. Calvo Gómez. 
264 4 |a Bilbao, España :  |b Universidad de Deusto,  |c 1993, c1993 
300 |a 444 p. 
336 |a texto  |b txt  |2 rdacontenido 
337 |a sin mediación  |b n  |2 rdamedio 
338 |a volumen  |b nc  |2 rdasoporte 
520 |a Contiene: Análisis de varianza; Análisis de varianza por rangos. Pruebas no paramétricas; análisis de la covarianza; Manova: análisis multivariante de la varianza; Análisis de varianza con medidas repetidas; Regresión múltiple; Correlación canónica; Análisis discriminante; Análisis factorial; Análisis factorial de correspondencias simples; análisis factorial de correspondencia múltiples. 
649 |a XX 
650 |a Correlación (Estadística) 
650 |a Cálculo de Variaciones 
650 |a Análisis Factorial 
650 |a Paquetes Estadísticos 
650 |a Paquetes (Software) -  |x Tema Principal 
650 |a Automatización 
650 |a Estadística -  |x Metodología -  |x Tema Principal 
650 |a Probabilidad 
650 |a Matemáticas 
650 |a Sistemas Computacionales 
650 |a Ingeniería Computacional 
910 |a Fondo General 
920 |a Impresos - Libros 
930 |a Colección General 
905 |a 101 
901 |a 0500064879  |b IT1  |c ACC  |u 20250521 
902 |a https://opac.biblio.iteso.mx/vufind/Record/000136019